[Event "chess.com Junior Speed Q"]
[Site "chess.com INT"]
[Date "2020.09.09"]
[Round "2.11"]
[White "Tang, Andrew"]
[Black "Nguyen, Thai Dai Van"]
[Result "0-1"]
[WhiteTitle "GM"]
[BlackTitle "GM"]
[WhiteElo "2538"]
[BlackElo "2569"]
[WhiteFideId "2059630"]
[BlackFideId "358878"]
[EventDate "2020.09.09"]

1. d4 d5 2. Bf4 c5 3. e3 Nc6 4. Nf3 Bf5 5. dxc5 e6 6. Nd4 Bxc5 7. Nxf5 exf5 8.
Bd3 Nge7 9. Nd2 O-O 10. O-O Bd6 11. Bxd6 Qxd6 12. c3 f4 13. exf4 Qxf4 14. Nf3
Rad8 15. Re1 Ng6 16. g3 Qf6 17. Nd4 Nxd4 18. cxd4 Rfe8 19. Qg4 Nf8 20. h4 g6 21.
Red1 h5 22. Qh3 Ne6 23. Bb5 Re7 24. Qg2 Nxd4 25. Bf1 Nf3+ 26. Kh1 d4 27. Rac1
Kg7 28. Bd3 Ne5 29. Be4 Ng4 30. Kg1 Rxe4 0-1

[Event "chess.com Junior Speed Q"]
[Site "chess.com INT"]
[Date "2020.09.09"]
[Round "2.12"]
[White "Nguyen, Thai Dai Van"]
[Black "Tang, Andrew"]
[Result "0-1"]
[WhiteTitle "GM"]
[BlackTitle "GM"]
[WhiteElo "2569"]
[BlackElo "2538"]
[WhiteFideId "358878"]
[BlackFideId "2059630"]
[EventDate "2020.09.09"]

1. d4 d5 2. c4 e6 3. Nf3 Nf6 4. Nc3 Be7 5. Bg5 h6 6. Bh4 O-O 7. e3 b6 8. Rc1 Bb7
9. cxd5 Nxd5 10. Bxe7 Qxe7 11. Be2 Rc8 12. O-O Nxc3 13. Rxc3 Nd7 14. Qc2 c5 15.
dxc5 Rxc5 16. Rxc5 Nxc5 17. Nd4 Rc8 18. Rc1 g6 19. Qd1 Rd8 20. Qe1 e5 21. Nb3
Qg5 22. g3 Nd3 23. Bxd3 Rxd3 24. Rc7 Bf3 25. Nd2 Qd8 26. Rc2 h5 27. Qc1 Kg7 28.
h3 h4 29. Kh2 hxg3+ 30. fxg3 Rxe3 31. Nxf3 Rxf3 32. Re2 Qd3 33. Qe1 Qd4 34. Rd2
Qc5 35. b4 Qc3 36. h4 Rxg3 37. Qxg3 Qxd2+ 38. Kh3 Qd4 39. h5 Qd7+ 40. Kh2 Qf5
41. hxg6 Qh5+ 42. Kg2 Qxg6 0-1

[Event "chess.com Junior Speed Q"]
[Site "chess.com INT"]
[Date "2020.09.09"]
[Round "2.13"]
[White "Tang, Andrew"]
[Black "Nguyen, Thai Dai Van"]
[Result "1-0"]
[WhiteTitle "GM"]
[BlackTitle "GM"]
[WhiteElo "2538"]
[BlackElo "2569"]
[WhiteFideId "2059630"]
[BlackFideId "358878"]
[EventDate "2020.09.09"]

1. d4 d5 2. Bf4 c5 3. e3 Nc6 4. Nf3 Bf5 5. dxc5 e6 6. Nd4 Bxc5 7. Nxf5 exf5 8.
Bd3 Nge7 9. Nd2 O-O 10. O-O Bd6 11. Bg3 Bxg3 12. hxg3 Qb6 13. Nb3 g6 14. c3 Rac8
15. Re1 Rfd8 16. Rc1 h5 17. Qe2 Kg7 18. Red1 Ng8 19. Qf3 Nf6 20. Qf4 Re8 21.
Bxf5 Rcd8 22. Bb1 Ne5 23. Qd4 Qe6 24. Nc5 Qe7 25. Nd3 Neg4 26. Nf4 Rh8 27. Re1
h4 28. f3 Ne5 29. gxh4 Nc6 30. Qd2 Rxh4 31. Kf2 g5 32. Ne2 g4 33. Ng3 gxf3 34.
Nf5+ Kf8 35. Nxe7 Nxe7 36. Rh1 Ng4+ 37. Kxf3 Ne5+ 38. Kf2 Rg4 39. Rh8+ Ng8 40.
Rch1 Rd6 41. R8h5 Rf6+ 42. Ke1 Nc4 43. Qxd5 Nxe3 44. Qd8+ Kg7 45. Rh7# 1-0

[Event "chess.com Junior Speed Q"]
[Site "chess.com INT"]
[Date "2020.09.09"]
[Round "2.14"]
[White "Nguyen, Thai Dai Van"]
[Black "Tang, Andrew"]
[Result "1/2-1/2"]
[WhiteTitle "GM"]
[BlackTitle "GM"]
[WhiteElo "2569"]
[BlackElo "2538"]
[WhiteFideId "358878"]
[BlackFideId "2059630"]
[EventDate "2020.09.09"]

1. Nf3 d5 2. g3 e6 3. Bg2 Nf6 4. O-O Be7 5. d4 O-O 6. c4 dxc4 7. Qc2 a6 8. a4
Bd7 9. Qxc4 Bc6 10. Bg5 Nbd7 11. Nc3 h6 12. Bxf6 Nxf6 13. Rfe1 Bxf3 14. Bxf3 c6
15. a5 Bd6 16. e3 e5 17. d5 cxd5 18. Nxd5 Rc8 19. Qb3 Nxd5 20. Bxd5 Rc7 21. Red1
Qe7 22. Rac1 Rfc8 23. Rxc7 Rxc7 24. Bxf7+ Qxf7 25. Qxf7+ Kxf7 26. Rxd6 Rc5 27.
b4 Rb5 28. Rb6 Rxb6 29. axb6 Ke6 30. e4 Kd6 31. f4 Kc6 32. f5 Kxb6 33. g4 Kc6
34. Kf2 b6 35. h4 Kd6 36. g5 h5 37. Ke3 b5 38. Kd3 Kd7 39. Kc3 Kd6 40. Kd3 Kd7
41. Kc3 Kd6 42. Kd3 1/2-1/2

[Event "chess.com Junior Speed Q"]
[Site "chess.com INT"]
[Date "2020.09.09"]
[Round "2.1"]
[White "Shevchenko, Kirill"]
[Black "Theodorou, Nikolas"]
[Result "0-1"]
[WhiteTitle "GM"]
[BlackTitle "IM"]
[WhiteElo "2592"]
[BlackElo "2554"]
[WhiteFideId "14129574"]
[BlackFideId "4262875"]
[EventDate "2020.09.09"]

1. e4 Nc6 2. Nf3 d6 3. d4 Nf6 4. Nc3 g6 5. d5 Nb8 6. Be2 Bg7 7. O-O O-O 8. Re1
e5 9. dxe6 Bxe6 10. Nd4 Bd7 11. f3 Re8 12. Bg5 h6 13. Bh4 Nc6 14. Nb3 a5 15. a4
Nb4 16. Nb5 g5 17. Bf2 Nh5 18. c3 Nc6 19. N3d4 Ne5 20. Bf1 Nf4 21. Kh1 d5 22.
Nf5 Bxf5 23. exf5 c6 24. Nd4 Nc4 25. g3 Nh5 26. Qc2 Qd7 27. Red1 Ne3 28. Bxe3
Rxe3 29. Qf2 Rae8 30. Ne6 Re5 31. Nc5 Qc7 32. Nd3 Re3 33. Re1 Rxe1 34. Rxe1 Rxe1
35. Qxe1 Nf6 36. Qe3 Bf8 37. Qd4 Kg7 38. b4 b6 39. bxa5 bxa5 40. c4 c5 41. Qe5
Bd6 42. Qc3 d4 43. Qd2 Qc6 44. Kg2 Qxa4 45. f4 Qc6+ 46. Kg1 gxf4 47. gxf4 Qe4
48. Bg2 Qxf5 49. Qe2 a4 50. Nb2 a3 51. Nd1 Bxf4 52. Bf3 Qg5+ 53. Kf1 Qe5 54. Qc2
Bxh2 55. Nf2 Bg3 56. Nd3 Qe3 57. Kg2 Bd6 58. Qb3 Ne4 59. Qxa3 Ng5 60. Bg4 Qe4+
61. Kf1 Qxg4 62. Nf2 Qf3 63. Qa6 Bg3 0-1

[Event "chess.com Junior Speed Q"]
[Site "chess.com INT"]
[Date "2020.09.09"]
[Round "2.2"]
[White "Theodorou, Nikolas"]
[Black "Shevchenko, Kirill"]
[Result "1/2-1/2"]
[WhiteTitle "IM"]
[BlackTitle "GM"]
[WhiteElo "2554"]
[BlackElo "2592"]
[WhiteFideId "4262875"]
[BlackFideId "14129574"]
[EventDate "2020.09.09"]

1. d4 d6 2. c4 e5 3. Nc3 exd4 4. Qxd4 Nc6 5. Qd2 g6 6. g3 Bg7 7. Bg2 Nge7 8. Nf3
O-O 9. O-O a5 10. b3 a4 11. Rb1 axb3 12. axb3 Bf5 13. e4 Bg4 14. Nd5 Nxd5 15.
cxd5 Bxf3 16. Bxf3 Nd4 17. Bg2 c5 18. dxc6 bxc6 19. b4 Rb8 20. Qd1 c5 21. Be3
Qf6 22. bxc5 dxc5 23. Rxb8 Rxb8 24. Qd3 Qb6 25. h4 Qb3 26. Qxb3 Rxb3 27. Rd1 Be5
28. Bf1 Kg7 29. Kg2 Rc3 30. Rb1 Nb3 31. Be2 Bd4 32. Bd1 Bxe3 33. Rxb3 Rxb3 34.
Bxb3 Bd4 35. f4 h5 36. Kf3 f6 37. g4 hxg4+ 38. Kxg4 1/2-1/2

[Event "chess.com Junior Speed Q"]
[Site "chess.com INT"]
[Date "2020.09.09"]
[Round "2.3"]
[White "Shevchenko, Kirill"]
[Black "Theodorou, Nikolas"]
[Result "1/2-1/2"]
[WhiteTitle "GM"]
[BlackTitle "IM"]
[WhiteElo "2592"]
[BlackElo "2554"]
[WhiteFideId "14129574"]
[BlackFideId "4262875"]
[EventDate "2020.09.09"]

1. e4 Nc6 2. Nf3 d6 3. d4 Nf6 4. Nc3 g6 5. Be3 Bg7 6. d5 Nb8 7. Qd2 c6 8. h3 O-O
9. a4 Qa5 10. Be2 Na6 11. O-O Nb4 12. Rad1 Bd7 13. Rfe1 Rac8 14. Bh6 cxd5 15.
exd5 Nxc2 16. Bxg7 Nxe1 17. Qh6 Nxf3+ 18. Bxf3 Qb4 19. Bxf8 Rxf8 20. Re1 Qxb2
21. Ne4 Nxe4 22. Rxe4 Qf6 23. Qe3 Re8 24. Qxa7 Qa1+ 25. Kh2 Qb2 26. a5 Bf5 27.
Re2 Qb4 28. g3 Qc3 29. Bg2 Qb4 30. Re3 h5 31. h4 Qb2 32. Kg1 Bg4 33. Re1 Qb4 34.
Re3 Bf5 35. Bf3 Qb1+ 36. Kg2 Bd3 37. Be2 Be4+ 38. Bf3 Bxf3+ 39. Kxf3 Qf5+ 40.
Kg2 Qxd5+ 41. Kh2 Qc6 42. Qd4 Qa6 43. Qb4 e5 44. Rc3 Ra8 45. Rc7 Qxa5 46. Qb3
Qa2 47. Qf3 Qe6 48. Qxb7 Rd8 49. Re7 Qf6 50. Kg2 d5 51. Qc7 Rf8 52. Rxe5 d4 53.
Rd5 Qe6 54. Qd7 Qxd7 55. Rxd7 Re8 56. Rxd4 Kg7 1/2-1/2

[Event "chess.com Junior Speed Q"]
[Site "chess.com INT"]
[Date "2020.09.09"]
[Round "2.4"]
[White "Theodorou, Nikolas"]
[Black "Shevchenko, Kirill"]
[Result "1-0"]
[WhiteTitle "IM"]
[BlackTitle "GM"]
[WhiteElo "2554"]
[BlackElo "2592"]
[WhiteFideId "4262875"]
[BlackFideId "14129574"]
[EventDate "2020.09.09"]

1. d4 Nf6 2. c4 g6 3. Nc3 Bg7 4. e4 d6 5. f4 O-O 6. Nf3 c5 7. d5 e6 8. dxe6 Bxe6
9. Bd3 Bg4 10. O-O Nc6 11. h3 Bxf3 12. Qxf3 a6 13. Bd2 Nd4 14. Qf2 Re8 15. Rae1
Qd7 16. e5 dxe5 17. fxe5 Nh5 18. g4 Rxe5 19. Rxe5 Bxe5 20. Nd5 Ng7 21. Bf4 1-0

[Event "chess.com Junior Speed Q"]
[Site "chess.com INT"]
[Date "2020.09.09"]
[Round "2.5"]
[White "Shevchenko, Kirill"]
[Black "Theodorou, Nikolas"]
[Result "1-0"]
[WhiteTitle "GM"]
[BlackTitle "IM"]
[WhiteElo "2592"]
[BlackElo "2554"]
[WhiteFideId "14129574"]
[BlackFideId "4262875"]
[EventDate "2020.09.09"]

1. e4 b6 2. d4 Bb7 3. Bd3 d6 4. c4 Nd7 5. Nc3 e5 6. Nf3 g6 7. h4 exd4 8. Nxd4
Bg7 9. Be3 h5 10. Qd2 Ngf6 11. f3 Ne5 12. O-O-O a6 13. Kb1 Qd7 14. Nd5 Nxd5 15.
cxd5 Nxd3 16. Qxd3 O-O-O 17. Rc1 Qa4 18. Rc4 Qa5 19. Bd2 1-0

[Event "chess.com Junior Speed Q"]
[Site "chess.com INT"]
[Date "2020.09.09"]
[Round "2.6"]
[White "Theodorou, Nikolas"]
[Black "Shevchenko, Kirill"]
[Result "1-0"]
[WhiteTitle "IM"]
[BlackTitle "GM"]
[WhiteElo "2554"]
[BlackElo "2592"]
[WhiteFideId "4262875"]
[BlackFideId "14129574"]
[EventDate "2020.09.09"]

1. d4 d6 2. Nf3 Nf6 3. c4 g6 4. g3 Bg7 5. Bg2 O-O 6. O-O Nc6 7. Nc3 Bf5 8. Ne1
Re8 9. e4 Bd7 10. Rb1 a5 11. d5 Nb4 12. a3 Na6 13. Nd3 c6 14. dxc6 bxc6 15. b4
axb4 16. axb4 Rb8 17. Bd2 Ng4 18. b5 cxb5 19. cxb5 Nc5 20. Nb4 Ne5 21. Qe2 Bg4
22. f3 Be6 23. Ncd5 Bd7 24. Nc3 Be6 25. Nbd5 Ned7 26. Kh1 Nb6 27. Nxb6 Qxb6 28.
f4 Nb3 29. Be3 Bd4 30. f5 Bd7 31. Rxb3 Bxe3 32. Nd5 Bxb5 33. Rxb5 Qxb5 34. Qxb5
Rxb5 35. Nxe3 Rb2 36. Nd5 Kg7 37. Nxe7 Ra8 38. f6+ Kf8 39. e5 Ra6 40. Rc1 Ke8
41. Rc8+ Kd7 42. Bh3# 1-0

[Event "chess.com Junior Speed Q"]
[Site "chess.com INT"]
[Date "2020.09.09"]
[Round "2.7"]
[White "Shevchenko, Kirill"]
[Black "Theodorou, Nikolas"]
[Result "1/2-1/2"]
[WhiteTitle "GM"]
[BlackTitle "IM"]
[WhiteElo "2592"]
[BlackElo "2554"]
[WhiteFideId "14129574"]
[BlackFideId "4262875"]
[EventDate "2020.09.09"]

1. e4 Nf6 2. e5 Nd5 3. d4 d6 4. c4 Nb6 5. exd6 exd6 6. Nc3 Be7 7. Bd3 O-O 8.
Nge2 Bf6 9. O-O Nc6 10. b3 Bg4 11. Be3 Re8 12. Qd2 Bh5 13. Rad1 a6 14. f3 Bg6
15. Bxg6 hxg6 16. d5 Ne7 17. Ne4 Nd7 18. Nxf6+ Nxf6 19. Nd4 Qd7 20. Rfe1 Nf5 21.
Bf2 Rxe1+ 22. Rxe1 Re8 23. Rxe8+ Nxe8 24. Qd3 Ne7 25. Kf1 Nf6 26. Bh4 c5 27.
dxc6 bxc6 28. Nc2 c5 29. Ne3 Qe6 30. Bg3 d5 31. cxd5 Nexd5 32. Nxd5 Nxd5 33. Bf2
Nb4 34. Qc4 Qf5 35. Be1 Nxa2 36. Qxa6 Nc1 37. Qc4 Qb1 38. Qxc5 Qd3+ 39. Kg1 Nxb3
40. Qc8+ Kh7 41. Qh3+ Kg8 42. Qc8+ Kh7 43. Qh3+ Kg8 44. Qc8+ 1/2-1/2

[Event "chess.com Junior Speed Q"]
[Site "chess.com INT"]
[Date "2020.09.09"]
[Round "2.8"]
[White "Theodorou, Nikolas"]
[Black "Shevchenko, Kirill"]
[Result "0-1"]
[WhiteTitle "IM"]
[BlackTitle "GM"]
[WhiteElo "2554"]
[BlackElo "2592"]
[WhiteFideId "4262875"]
[BlackFideId "14129574"]
[EventDate "2020.09.09"]

1. d4 d6 2. e4 Nf6 3. Nc3 e5 4. Nf3 exd4 5. Qxd4 a6 6. Bg5 Nc6 7. Qd2 Be7 8.
O-O-O h6 9. Bh4 O-O 10. Bg3 Be6 11. Kb1 b5 12. Bd3 b4 13. Ne2 Nd7 14. Ned4 Nxd4
15. Nxd4 Bf6 16. Nc6 Qe8 17. f4 Nc5 18. e5 dxe5 19. Nxe5 Qa4 20. b3 Qa3 21. f5
Na4 22. c4 Nc3+ 23. Ka1 Rad8 24. fxe6 Rxd3 25. Qc2 Rxd1+ 26. Rxd1 Nxd1 27. exf7+
Rxf7 28. Qxd1 Rf8 29. Qd5+ Kh8 30. Qd1 Qa5 31. Qe2 Re8 32. Kb1 Bxe5 33. Bh4 Qc5
34. Qh5 Qf8 35. Qg6 Bf6 36. Bg3 Re2 37. Qd3 Rb2+ 38. Kc1 Qe7 39. h4 Rxa2 40. Qd5
Ra1+ 41. Kc2 Ra2+ 42. Kd1 Re2 43. Qa8+ Kh7 44. Qf3 Re3 45. Qf5+ g6 46. Qd5 Rxg3
47. h5 gxh5 48. Qf5+ Kg7 0-1

[Event "chess.com Junior Speed Q"]
[Site "chess.com INT"]
[Date "2020.09.09"]
[Round "2.9"]
[White "Shevchenko, Kirill"]
[Black "Theodorou, Nikolas"]
[Result "1/2-1/2"]
[WhiteTitle "GM"]
[BlackTitle "IM"]
[WhiteElo "2592"]
[BlackElo "2554"]
[WhiteFideId "14129574"]
[BlackFideId "4262875"]
[EventDate "2020.09.09"]

1. e4 Nc6 2. Nf3 d6 3. d4 Nf6 4. Nc3 g6 5. Be3 Bg7 6. d5 Nb8 7. Qd2 c6 8. h3
cxd5 9. exd5 Nbd7 10. Be2 Nb6 11. O-O O-O 12. a4 a6 13. a5 Nbd7 14. Bd4 Qc7 15.
Rfe1 Re8 16. Bf1 b5 17. axb6 Nxb6 18. Qe3 Nbxd5 19. Nxd5 Nxd5 20. Qd2 Nf6 21. c4
Bb7 22. Nh2 Rad8 23. Qb4 Rb8 24. Qc3 e5 25. Be3 d5 26. cxd5 Qxc3 27. bxc3 Nxd5
28. Bxa6 Bxa6 29. Rxa6 Nxc3 30. Ng4 Nd5 31. Bh6 Bxh6 32. Nxh6+ Kg7 33. Ng4 e4
34. Ra5 Nf4 35. Rd1 Rbd8 36. Rb1 Re7 37. h4 h5 38. Ne3 Rd2 39. Rg5 Red7 40. Rf1
Ne2+ 41. Kh2 Nd4 42. Re5 f5 43. Nc4 Rc2 44. Ne3 Re2 45. Kg3 Rf7 46. Nd5 Rc2 47.
Nf4 Rd7 48. Rb1 Ne2+ 49. Nxe2 Rxe2 50. Re6 Rd3+ 51. Kh2 Rxf2 52. Rb7+ Kf8 53.
Rf6+ Ke8 54. Rxg6 Rd7 55. Rb5 Re7 56. Rg8+ Kf7 57. Rg5 e3 58. Rgxf5+ Rxf5 59.
Rxf5+ Kg6 60. Rf1 Re4 61. Kg3 Rg4+ 62. Kf3 Rxh4 63. Kxe3 Rg4 64. Kf3 Rg5 1/2-1/2

[Event "chess.com Junior Speed Q"]
[Site "chess.com INT"]
[Date "2020.09.09"]
[Round "2.10"]
[White "Theodorou, Nikolas"]
[Black "Shevchenko, Kirill"]
[Result "0-1"]
[WhiteTitle "IM"]
[BlackTitle "GM"]
[WhiteElo "2554"]
[BlackElo "2592"]
[WhiteFideId "4262875"]
[BlackFideId "14129574"]
[EventDate "2020.09.09"]

1. b3 Nf6 2. g3 g6 3. Bb2 Bg7 4. Bg2 O-O 5. Nf3 d5 6. O-O c5 7. d3 Nc6 8. Nbd2
Re8 9. e4 d4 10. a4 e5 11. h3 Be6 12. Ng5 Bd7 13. f4 exf4 14. gxf4 Nh5 15. e5
Nxf4 16. Nxf7 Qh4 17. Qf3 Nxe5 18. Qxf4 Qxf4 19. Rxf4 Nxf7 20. Bxb7 Rab8 21. Bd5
Be6 22. Bxe6 Rxe6 23. Ne4 Bh6 24. Rf3 c4 25. Bxd4 cxd3 26. cxd3 Bg7 27. Bxg7
Kxg7 28. Raf1 Ne5 29. Re3 Nc6 30. Ref3 Ne5 31. Rg3 Nc6 32. Nc5 Re2 33. Rf2 Re1+
34. Kg2 Nd4 35. Rg4 Nxb3 36. Ne4 Nd4 37. Ng3 Nc6 38. Nh5+ Kh6 39. Nf6 Kg7 40.
Nh5+ Kh6 41. Ng3 Rbb1 42. Rf7 Ne5 43. Rh4+ Kg5 44. Rfxh7 Rb2+ 45. Ne2 Rbxe2+ 46.
Kg3 Rg1# 0-1

[Event "chess.com Junior Speed Q"]
[Site "chess.com INT"]
[Date "2020.09.09"]
[Round "2.11"]
[White "Shevchenko, Kirill"]
[Black "Theodorou, Nikolas"]
[Result "1-0"]
[WhiteTitle "GM"]
[BlackTitle "IM"]
[WhiteElo "2592"]
[BlackElo "2554"]
[WhiteFideId "14129574"]
[BlackFideId "4262875"]
[EventDate "2020.09.09"]

1. e4 e5 2. Nf3 Nc6 3. Bb5 Nf6 4. O-O Nxe4 5. d4 Nd6 6. Ba4 e4 7. Ne5 Be7 8. Nc3
O-O 9. Re1 f5 10. Bb3+ Kh8 11. Bf4 Na5 12. Nd5 Nxb3 13. Re3 Bg5 14. Qh5 Bxf4 15.
Ng6+ Kg8 16. Nge7+ Kh8 17. Nxf4 Rf6 18. Nfg6+ Rxg6 19. Nxg6+ Kg8 20. Rh3 Nxa1
21. Qxh7+ Kf7 22. Ne5+ Ke6 23. c4 Nxc4 24. Nxc4 Qf6 25. Qg8+ Qf7 26. d5+ Ke7 27.
Qh8 d6 28. Rh7 Kf6 29. Rh6+ Ke7 30. Rh7 Kf6 31. Qd8+ Qe7 32. Qg8 Qf7 33. Qh8 Nc2
34. h4 Kg6 35. h5+ Kf6 36. h6 Qg6 37. hxg7 1-0

[Event "chess.com Junior Speed Q"]
[Site "chess.com INT"]
[Date "2020.09.09"]
[Round "2.12"]
[White "Theodorou, Nikolas"]
[Black "Shevchenko, Kirill"]
[Result "0-1"]
[WhiteTitle "IM"]
[BlackTitle "GM"]
[WhiteElo "2554"]
[BlackElo "2592"]
[WhiteFideId "4262875"]
[BlackFideId "14129574"]
[EventDate "2020.09.09"]

1. e4 e5 2. Nc3 d6 3. f4 Nc6 4. Nf3 g6 5. Bc4 Bg7 6. O-O Nf6 7. d3 Be6 8. Bxe6
fxe6 9. fxe5 dxe5 10. Bg5 O-O 11. Ne2 Qd6 12. Kh1 Nh5 13. Qd2 Nd4 14. Nfxd4 exd4
15. g3 e5 16. Kg2 c5 17. Qa5 b6 18. Qb5 Kh8 19. Qc4 h6 20. Bd2 Nf6 21. h3 Rab8
22. a4 Rb7 23. Ng1 Rbf7 24. Rf2 Re7 25. Raf1 Nd7 26. Nf3 Kh7 27. Nh4 Rxf2+ 28.
Rxf2 Nf8 29. Rf7 Rxf7 30. Qxf7 Qd7 31. Qc4 Ne6 32. Nf3 Bf6 33. a5 h5 34. a6 b5
35. Qa2 Qc6 36. Qa5 Kg7 37. c3 Bd8 38. Qa2 Bc7 39. cxd4 Nxd4 40. Nxd4 cxd4 41.
Qb3 Qxa6 42. Qd5 Qd6 43. Qxb5 a6 44. Qc4 Bd8 45. Bb4 Qf6 46. Ba3 a5 47. Qd5 Kh6
48. Bd6 Qg5 49. Bxe5 Qd2+ 50. Kg1 Bg5 51. Qf7 Be3+ 52. Kh1 Qd1+ 0-1

[Event "chess.com Junior Speed Q"]
[Site "chess.com INT"]
[Date "2020.09.09"]
[Round "2.13"]
[White "Shevchenko, Kirill"]
[Black "Theodorou, Nikolas"]
[Result "1/2-1/2"]
[WhiteTitle "GM"]
[BlackTitle "IM"]
[WhiteElo "2592"]
[BlackElo "2554"]
[WhiteFideId "14129574"]
[BlackFideId "4262875"]
[EventDate "2020.09.09"]

1. e4 d5 2. exd5 Nf6 3. d4 Bg4 4. Nf3 Nxd5 5. Be2 e6 6. O-O Be7 7. c4 Nf6 8. Nc3
O-O 9. Be3 c6 10. h3 Bf5 11. Nh4 Bg6 12. Nxg6 hxg6 13. Qb3 Nbd7 14. Qxb7 Rb8 15.
Qxc6 Rxb2 16. Rab1 Rc2 17. Rfc1 Rxc1+ 18. Rxc1 Qa5 19. Qa4 Qc7 20. Nb5 Qc6 21.
Bf3 Qc8 22. Nxa7 Qc7 23. Nb5 Qb8 24. Qa7 Qd8 25. Qc7 Qe8 26. Nd6 Bxd6 27. Qxd6
e5 28. Bc6 exd4 29. Bxd4 Qc8 30. Bxd7 Nxd7 31. c5 Nb8 32. c6 Rd8 33. Qc5 Na6 34.
Qc4 Nc7 35. Bb6 Re8 36. Bxc7 Qxc7 37. a4 g5 38. a5 Qxa5 39. c7 Rc8 40. Qc6 Qd2
41. g3 g6 42. Rc2 Qd1+ 43. Kg2 g4 44. hxg4 Qxg4 45. Qf3 Qd4 46. Qb7 Qd7 47. Rc4
Kg7 48. Qc6 Qf5 49. Qe4 Qb5 50. Qd4+ Kh7 51. Qh4+ Kg7 52. Qd4+ f6 53. Rc5 Qb7+
54. Qd5 Rxc7 55. Qxb7 Rxb7 56. g4 g5 57. f3 Kg6 58. Kg3 Rb3 59. Rc6 Ra3 60. Rd6
Ra1 61. Rc6 Rg1+ 62. Kf2 Ra1 63. Kg3 Ra8 64. Rd6 Ra4 65. Rc6 Rb4 66. Rd6 Kf7 67.
Rc6 Rb3 68. Rd6 Ra3 69. Rc6 Ra1 70. Rc7+ Kg6 71. Rc6 1/2-1/2

[Event "chess.com Junior Speed Q"]
[Site "chess.com INT"]
[Date "2020.09.09"]
[Round "3.1"]
[White "Tang, Andrew"]
[Black "Shevchenko, Kirill"]
[Result "1/2-1/2"]
[WhiteTitle "GM"]
[BlackTitle "GM"]
[WhiteElo "2538"]
[BlackElo "2592"]
[WhiteFideId "2059630"]
[BlackFideId "14129574"]
[EventDate "2020.09.09"]

1. d4 d6 2. c4 e5 3. Nf3 e4 4. Ng5 f5 5. Nc3 Nf6 6. g3 Be7 7. Bg2 O-O 8. O-O Nc6
9. d5 Ne5 10. b3 Qe8 11. f4 Nf7 12. Nb5 Bd8 13. Nxf7 Qxf7 14. Bb2 a6 15. Nd4 c5
16. dxc6 bxc6 17. Nxc6 Bb6+ 18. Bd4 Qb7 19. Bxb6 Qxb6+ 20. Nd4 d5 21. e3 dxc4
22. bxc4 Qc5 23. Rc1 Rd8 24. Qd2 Bd7 25. Qc3 Ba4 26. Ne6 Qc6 27. Nxd8 Rxd8 28.
c5 Rd3 29. Qe5 Rd5 30. Qc3 Rd3 31. Qc4+ Kf8 32. Rfe1 Nd5 33. Bf1 Nxe3 34. Rxe3
Rxe3 35. Qd4 Ra3 36. Bc4 Qd7 37. Qe5 Rd3 38. Qb8+ Qd8 39. Qb4 Rd1+ 40. Rxd1
Qxd1+ 41. Kg2 Qf3+ 42. Kh3 Qh5+ 43. Kg2 Qf3+ 44. Kh3 Qh5+ 45. Kg2 Qf3+ 1/2-1/2

[Event "chess.com Junior Speed Q"]
[Site "chess.com INT"]
[Date "2020.09.09"]
[Round "3.2"]
[White "Shevchenko, Kirill"]
[Black "Tang, Andrew"]
[Result "1/2-1/2"]
[WhiteTitle "GM"]
[BlackTitle "GM"]
[WhiteElo "2592"]
[BlackElo "2538"]
[WhiteFideId "14129574"]
[BlackFideId "2059630"]
[EventDate "2020.09.09"]

1. e4 e5 2. Nf3 Nc6 3. Bb5 a6 4. Ba4 Nf6 5. Nc3 d6 6. Bxc6+ bxc6 7. d4 exd4 8.
Nxd4 c5 9. Nc6 Qd7 10. Na5 Qg4 11. O-O Qxd1 12. Rxd1 Be6 13. b3 Be7 14. Nc6 Kd7
15. Nxe7 Kxe7 16. f4 Rhb8 17. Ba3 g6 18. e5 Nd7 19. Ne4 dxe5 20. Nxc5 Nxc5 21.
Bxc5+ Ke8 22. fxe5 Rd8 23. Bb4 Rxd1+ 24. Rxd1 Rd8 25. Re1 Bf5 26. c4 Rd4 27. Bc3
Re4 28. Rd1 Re2 29. a3 Bc2 30. Rd2 1/2-1/2

[Event "chess.com Junior Speed Q"]
[Site "chess.com INT"]
[Date "2020.09.09"]
[Round "3.3"]
[White "Tang, Andrew"]
[Black "Shevchenko, Kirill"]
[Result "1-0"]
[WhiteTitle "GM"]
[BlackTitle "GM"]
[WhiteElo "2538"]
[BlackElo "2592"]
[WhiteFideId "2059630"]
[BlackFideId "14129574"]
[EventDate "2020.09.09"]

1. d4 Nf6 2. c4 g6 3. f3 c5 4. d5 e6 5. e4 d6 6. Nc3 Bg7 7. Nge2 a6 8. a4 exd5
9. cxd5 Nbd7 10. Ng3 h5 11. Be2 Nh7 12. Be3 h4 13. Nf1 O-O 14. Nd2 f5 15. exf5
gxf5 16. f4 Nhf6 17. O-O Re8 18. Bf2 h3 19. gxh3 Ne4 20. Ndxe4 fxe4 21. Be3 Qh4
22. Bg4 Nf6 23. f5 Bh6 24. Bf2 Qg5 25. Bg3 e3 26. Qe2 Bd7 27. Bxd6 b5 28. axb5
axb5 29. Rxa8 Rxa8 30. Bf4 Qxf4 31. Rxf4 Bxf4 32. d6 Ra6 33. Nxb5 Ne4 34. Qc4+
Kh8 35. Qxe4 Bc6 36. Qxf4 Ra1+ 37. Qf1 Rxf1+ 38. Kxf1 Bxb5+ 39. Ke1 Kg7 40. d7 1-0

[Event "chess.com Junior Speed Q"]
[Site "chess.com INT"]
[Date "2020.09.09"]
[Round "3.4"]
[White "Shevchenko, Kirill"]
[Black "Tang, Andrew"]
[Result "0-1"]
[WhiteTitle "GM"]
[BlackTitle "GM"]
[WhiteElo "2592"]
[BlackElo "2538"]
[WhiteFideId "14129574"]
[BlackFideId "2059630"]
[EventDate "2020.09.09"]

1. e4 e5 2. Nf3 Nc6 3. Bb5 g6 4. d4 exd4 5. Nxd4 Bg7 6. Be3 Nf6 7. Nc3 O-O 8.
O-O a6 9. Ba4 Re8 10. Re1 Nxd4 11. Bxd4 b5 12. Bb3 d6 13. a4 Bb7 14. Qd3 b4 15.
Nd5 Bxd5 16. Bxd5 Nxd5 17. exd5 Qg5 18. Bxg7 Kxg7 19. a5 Qf6 20. b3 Rxe1+ 21.
Rxe1 Qb2 22. Qc4 Qc3 23. Qxc3+ bxc3 24. Re3 Rb8 25. Rxc3 Rb5 26. Rxc7 Rxd5 27.
Kf1 Rxa5 28. Ke2 Re5+ 29. Kd3 a5 30. Rd7 Rd5+ 31. Ke3 Kf6 32. Ra7 Ke6 33. c4
Re5+ 34. Kd3 g5 35. Ra6 h5 36. Ra8 g4 37. Re8+ Kf5 38. Rd8 Ke6 39. Re8+ Kf5 40.
Rd8 Ke6 41. Rh8 Ke7 42. Ra8 Rf5 43. Ke3 Re5+ 44. Kd3 Rf5 45. Ke3 Kd7 46. Ra7+
Kc6 47. Ra8 Kb6 48. Kd3 Re5 49. Kd2 Kc6 50. Kd3 Rf5 51. Ke3 Kb7 52. Rd8 Kc7 53.
Rg8 Kb6 54. Rc8 Re5+ 55. Kd3 Rf5 56. Ke3 Rg5 57. Kf4 Re5 58. Rf8 Re2 59. f3 Rxg2
60. Rxf7 gxf3 61. Kxf3 Rxh2 62. Rf5 Rh3+ 63. Ke4 Rxb3 64. Rxh5 a4 65. Rh8 Kc5
66. Rc8+ Kb4 67. Kd4 Ka3 68. Rc6 Rb4 69. Rxd6 Kb3 70. Ra6 Rxc4+ 71. Kd3 Rb4 72.
Kd2 a3 73. Kc1 a2 74. Ra8 Rc4+ 75. Kd2 Kb2 76. Rb8+ Ka3 77. Ra8+ Ra4 0-1